| 000 | 00842cam a2200133 4500500 | ||
|---|---|---|---|
| 005 | 20251214010606.0 | ||
| 041 | _afre | ||
| 042 | _adc | ||
| 100 | 1 | 0 |
_aPerraudeau, Michel _eauthor |
| 245 | 0 | 0 | _aLes stratégies d'apprentissage : Comment accompagner les élèves dans l'appropriation des savoirs |
| 260 |
_bArmand Colin,
_c2006. |
||
| 520 | _aQu'est-ce qu'apprendre ? Les procédures et stratégies mises en œuvre par l'élève. Les stratégies de l'élève en difficulté. Comprendre la grande difficulté et les troubles d'apprentissage Peut-on enseigner les stratégies d'apprentissage ? Les stratégies d'enseignement mises en œuvre par le professeur. Peut-on enrichir les stratégies d'enseignement ? | ||
| 856 | 4 | 1 | _uhttps://shs.cairn.info/les-strategies-d-apprentissage--9782200345358?lang=fr&redirect-ssocas=7080 |
| 999 |
_c1569518 _d1569518 |
||